<?xml version="1.0" encoding="UTF-8"?>
<record
    xmlns:xsi="http://www.w3.org/2001/XMLSchema-instance"
    xsi:schemaLocation="http://www.loc.gov/MARC21/slim http://www.loc.gov/standards/marcxml/schema/MARC21slim.xsd"
    xmlns="http://www.loc.gov/MARC21/slim">

  <leader>00405    a2200109   4500</leader>
  <controlfield tag="001">ART_3470</controlfield>
  <controlfield tag="005">20260410161715.0</controlfield>
  <controlfield tag="008">260409a                                 </controlfield>
  <datafield tag="245" ind1="1" ind2="0">
    <subfield code="a">Canci&#xF3;n de oto&#xF1;o en primavera:Previsiones sobre la crisis de la agricultura cerealera argentina(1894-1930)</subfield>
  </datafield>
  <datafield tag="100" ind1="1" ind2=" ">
    <subfield code="a">Halperin Donghi, Tulio</subfield>
  </datafield>
  <datafield tag="773" ind1="0" ind2=" ">
    <subfield code="t">Desarrollo econ&#xF3;mico</subfield>
    <subfield code="g">- Vol. 24, N&#xBA; 95 (oct./dic. 1984)</subfield>
    <subfield code="w">REV1174</subfield>
  </datafield>
  <datafield tag="999" ind1=" " ind2=" ">
    <subfield code="c">16418</subfield>
    <subfield code="d">16418</subfield>
  </datafield>
</record>
